[Event "TOP16-LaBourdannais"]
[Site "TOP16-LaBourdannais"]
[Date "2021.01.09"]
[Round "12"]
[White "Lasker69"]
[Black "ProfTerrieux"]
[Result "1-0"]
[WhiteElo "2413"]
[BlackElo "2408"]
[Annotator "NA RC"]
[PlyCount "165"]
[EventDate "2021.01.09"]
[EventType "blitz"]

1. d4 {[%emt 0:00:04]} d5 {[%emt 0:00:01]} 2. c4 {[%emt 0:00:02]} dxc4 {[%emt 0:00:01]} 3. e4 {[%emt 0:00:02]} e5 {[%emt 0:00:01]} 4. Nf3 {[%emt 0:00:03]} exd4 {[%emt 0:00:01]} 5. Bxc4 {[%emt 0:00:02]} Nc6 {[%emt 0:00:01]} 6. Qb3 {[%emt 0:00:19]} Bb4+ {[%emt 0:00:07]} 7. Nbd2 {[%emt 0:00:11]} Nh6 {[%emt 0:00:02]} 8. O-O {[%emt 0:00:03]} O-O {[%emt 0:00:03]} 9. Bd5 {[%emt 0:00:07]} Bd6 {[%emt 0:00:11]} 10. Nc4 {[%emt 0:00:09]} Ng4 {[%emt 0:00:05]} 11. Bxc6 {[%emt 0:00:20]} bxc6 {[%emt 0:00:03]} 12. h3 {[%emt 0:00:03]} Nh6 {[%emt 0:00:54]} 13. Bxh6 {[%emt 0:00:03]} gxh6 {[%emt 0:00:00]} 14. Nxd4 {[%emt 0:00:11]} Qf6 {[%emt 0:00:08] Lasker69 reconnected.} 15. Nxc6 {[%emt 0:00:45]} Be6 {[%emt 0:00:33]} 16. Rac1 {[%emt 0:00:38]} Bf4 {[%emt 0:00:09]} 17. Rc3 {[%emt 0:00:12]} Bxh3 {[%emt 0:00:57]} 18. Rxh3 {[%emt 0:00:38]} Qxc6 {[%emt 0:00:01]} 19. Qc2 {[%emt 0:00:13]} Rfe8 {[%emt 0:00:11]} 20. Re1 {[%emt 0:00:07]} Be5 {[%emt 0:00:15]} 21. b3 {[%emt 0:00:09]} Kh8 {[%emt 0:00:09]} 22. Qe2 {[%emt 0:00:07]} Bg7 {[%emt 0:00:03]} 23. e5 {[%emt 0:00:11]} Rad8 {[%emt 0:00:25]} 24. Rf3 {[%emt 0:00:03]} Qe6 {[%emt 0:00:08]} 25. Re3 {[%emt 0:00:14]} Rd5 {[%emt 0:00:01]} 26. Qf3 {[%emt 0:00:04]} Red8 {[%emt 0:00:06]} 27. a4 {[%emt 0:00:08]} a6 {[%emt 0:00:13]} 28. a5 {[%emt 0:00:04]} R8d7 {[%emt 0:00:11]} 29. Qg3 {[%emt 0:00:04]} Rd8 {[%emt 0:00:04]} 30. Qh4 {[%emt 0:00:08]} Rg8 {[%emt 0:00:12]} 31. Rg3 {[%emt 0:00:05]} Rgd8 {[%emt 0:00:26]} 32. Re4 {[%emt 0:00:04]} Rd3 {[%emt 0:00:14]} 33. Rxd3 {[%emt 0:00:21]} Rxd3 {[%emt 0:00:02]} 34. Re3 {[%emt 0:00:02]} Rd1+ {[%emt 0:00:13]} 35. Kh2 {[%emt 0:00:04]} Rd5 {[%emt 0:00:07]} 36. g3 {[%emt 0:00:03]} Qf5 {[%emt 0:00:04]} 37. Kg2 {[%emt 0:00:04]} h5 {[%emt 0:00:18]} 38. Rf3 {[%emt 0:00:02]} Qg6 {[%emt 0:00:01]} 39. Qf4 {[%emt 0:00:02]} Rd7 {[%emt 0:00:03]} 40. Qe3 {[%emt 0:00:13]} h6 {[%emt 0:00:02]} 41. Rf4 {[%emt 0:00:04]} Kh7 {[%emt 0:00:02]} 42. Qf3 {[%emt 0:00:02]} Re7 {[%emt 0:00:05]} 43. Qe4 {[%emt 0:00:15]} Qxe4+ {[%emt 0:00:02]} 44. Rxe4 {[%emt 0:00:01]} Kg6 {[%emt 0:00:03]} 45. f4 {[%emt 0:00:03]} Rd7 {[%emt 0:00:05]} 46. Re3 {[%emt 0:00:03]} Kf5 {[%emt 0:00:02]} 47. Kf3 {[%emt 0:00:01]} Bf8 {[%emt 0:00:02]} 48. Rc3 {[%emt 0:00:04]} Bb4 {[%emt 0:00:01]} 49. Ne3+ {[%emt 0:00:01]} Kg6 {[%emt 0:00:08]} 50. Rc6+ {[%emt 0:00:01]} Kg7 {[%emt 0:00:01]} 51. Rxa6 {[%emt 0:00:02]} Rd3 {[%emt 0:00:02]} 52. Ke4 {[%emt 0:00:02]} Rxb3 {[%emt 0:00:01]} 53. Nf5+ {[%emt 0:00:01]} Kh7 {[%emt 0:00:02]} 54. Rxh6+ {[%emt 0:00:02]} Kg8 {[%emt 0:00:01]} 55. a6 {[%emt 0:00:01]} Ra3 {[%emt 0:00:03]} 56. Rc6 {[%emt 0:00:06]} Ba5 {[%emt 0:00:04]} 57. Nd4 {[%emt 0:00:04]} Bb6 {[%emt 0:00:02]} 58. Nb5 {[%emt 0:00:04]} Rxa6 {[%emt 0:00:02]} 59. Nxc7 {[%emt 0:00:02]} Ra4+ {[%emt 0:00:02]} 60. Kf3 {[%emt 0:00:09]} Bxc7 {[%emt 0:00:09]} 61. Rxc7 {[%emt 0:00:02]} Ra6 {[%emt 0:00:03]} 62. Kg2 {[%emt 0:00:04]} Kg7 {[%emt 0:00:01]} 63. Kh3 {[%emt 0:00:01]} Kg6 {[%emt 0:00:02]} 64. Rd7 {[%emt 0:00:03]} Ra1 {[%emt 0:00:04]} 65. Rd6+ {[%emt 0:00:02]} Kg7 {[%emt 0:00:02]} 66. Rf6 {[%emt 0:00:11]} Rh1+ {[%emt 0:00:03]} 67. Kg2 {[%emt 0:00:01]} Ra1 {[%emt 0:00:01]} 68. Rf5 {[%emt 0:00:01]} Kg6 {[%emt 0:00:01]} 69. Rg5+ {[%emt 0:00:01]} Kh6 {[%emt 0:00:01]} 70. Kf3 {[%emt 0:00:01]} Ra4 {[%emt 0:00:03]} 71. Ke3 {[%emt 0:00:04]} Rb4 {[%emt 0:00:01]} 72. Kf3 {[%emt 0:00:01]} Ra4 {[%emt 0:00:01]} 73. Rf5 {[%emt 0:00:01]} Kg6 {[%emt 0:00:01]} 74. Rf6+ {[%emt 0:00:01]} Kg7 {[%emt 0:00:01]} 75. Kg2 {[%emt 0:00:02]} Ra1 {[%emt 0:00:02]} 76. Rb6 {[%emt 0:00:02]} Ra2+ {[%emt 0:00:02]} 77. Kh3 {[%emt 0:00:01]} Ra1 {[%emt 0:00:01]} 78. Kh4 {[%emt 0:00:01]} Rh1+ {[%emt 0:00:02]} 79. Kg5 {[%emt 0:00:01]} Rh3 {[%emt 0:00:01]} 80. Rb3 {[%emt 0:00:03]} Kh7 {[%emt 0:00:09]} 81. f5 {[%emt 0:00:03]} Kg7 {[%emt 0:00:16]} 82. f6+ {[%emt 0:00:02]} Kg8 {[%emt 0:00:07]} 83. Kh6 {[%emt 0:00:04] ProfTerrieux abandonne} 1-0

[Event "TOP16-LaBourdannais"]
[Site "TOP16-LaBourdannais"]
[Date "2021.01.09"]
[Round "12"]
[White "Jncool68"]
[Black "maten3coups"]
[Result "1-0"]
[WhiteElo "2348"]
[BlackElo "1923"]
[Annotator "NA RC"]
[PlyCount "47"]
[EventDate "2021.01.09"]
[EventType "blitz"]

1. e4 {[%emt 0:00:11]} c5 {[%emt 0:00:08]} 2. Nf3 {[%emt 0:00:05]} Nc6 {[%emt 0:00:02]} 3. Bb5 {[%emt 0:00:01]} e6 {[%emt 0:00:01]} 4. O-O {[%emt 0:00:02]} Nge7 {[%emt 0:00:02]} 5. Re1 {[%emt 0:00:01]} Nd4 {[%emt 0:00:02]} 6. Bf1 {[%emt 0:00:03]} Nxf3+ {[%emt 0:00:10]} 7. Qxf3 {[%emt 0:00:01]} Nc6 {[%emt 0:00:00]} 8. c3 {[%emt 0:00:01]} Be7 {[%emt 0:00:05]} 9. Qg3 {[%emt 0:00:03]} O-O {[%emt 0:00:05]} 10. d3 {[%emt 0:00:08]} Kh8 {[%emt 0:01:21] Jncool68 reconnected.} 11. Nd2 {[%emt 0:00:07]} d6 {[%emt 0:00:08]} 12. f4 {[%emt 0:00:03]} f5 {[%emt 0:00:06]} 13. Nf3 {[%emt 0:00:04]} b6 {[%emt 0:00:05]} 14. Bd2 {[%emt 0:00:18]} Bb7 {[%emt 0:00:09]} 15. Qh3 {[%emt 0:00:01]} Qd7 {[%emt 0:00:08]} 16. Re2 {[%emt 0:00:15]} Rae8 {[%emt 0:00:03]} 17. Rae1 {[%emt 0:00:02]} Ba6 {[%emt 0:00:31]} 18. Re3 {[%emt 0:00:03]} Bb7 {[%emt 0:00:16]} 19. exf5 {[%emt 0:00:18]} exf5 {[%emt 0:00:00]} 20. d4 {[%emt 0:00:00]} cxd4 {[%emt 0:00:14]} 21. cxd4 {[%emt 0:00:03]} Bf6 {[%emt 0:00:23]} 22. Rxe8 {[%emt 0:00:10]} Rxe8 {[%emt 0:00:00]} 23. Qxf5 {[%emt 0:00:01]} Qf7 {[%emt 0:00:03]} 24. Ng5 {[%emt 0:00:13] maten3coups abandonne (Lag: Av=1.00s, max=2.7s)} 1-0

[Event "TOP16-LaBourdannais"]
[Site "TOP16-LaBourdannais"]
[Date "2021.01.09"]
[Round "12"]
[White "yvesandre2"]
[Black "Soumcouy"]
[Result "1-0"]
[WhiteElo "2299"]
[BlackElo "1993"]
[Annotator "TA"]
[PlyCount "33"]
[EventDate "2021.01.09"]
[EventType "blitz"]

{[%evp 9,33,72,66,69,75,40,31,35,43,23,64,54,79,69,75,62,92,48,77,52,179,184,387,390,695,677]} 1. e4 d5 2. exd5 c6 3. dxc6 Nxc6 4. Nf3 e5 5. Bb5 Bd6 6. O-O {B01: Scandinavian Defence.} Nge7 7. d4 exd4 8. Nxd4 {White is slightly better.} O-O {[#] And now ...Nxd4 would win.} 9. Nxc6 bxc6 10. Bd3 {[#]} Qc7 $146 ({Predecessor:} 10... Ng6 11. Nc3 Rb8 12. Ne4 Be5 13. Rb1 Nf4 14. Bxf4 Bxf4 15. Qf3 Be5 16. c3 Qa5 {½-½ (52) Razafindratsima,T (2336)-Blachon,P (1955) Europe Chess INT 2020}) 11. g3 Ng6 12. Qh5 Re8 13. Nc3 Rb8 14. Bd2 Rb4 ({Black should try} 14... Re5 $14 15. Qd1 Bh3) 15. Rfe1 $18 Rd8 {[#]} (15... Rxe1+ {is a better defense.} 16. Rxe1 Bg4 17. Re8+ Bf8) 16. Ne4 Rd4 $2 (16... Rb6 17. Bg5 Rf8 18. Nxd6 Qxd6) 17. Ba5 {[%mdl 64] Skewer.  Weighted Error Value: White=0.14/Black=0.59} 1-0

[Event "TOP16-LaBourdannais"]
[Site "TOP16-LaBourdannais"]
[Date "2021.01.09"]
[Round "12"]
[White "Burrito2001"]
[Black "Brunico2016"]
[Result "1-0"]
[WhiteElo "2050"]
[BlackElo "1973"]
[Annotator "NA RC"]
[PlyCount "67"]
[EventDate "2021.01.09"]
[EventType "blitz"]

1. d4 {[%emt 0:00:01]} Nf6 {[%emt 0:00:01]} 2. c4 {[%emt 0:00:02]} e6 {[%emt 0:00:01]} 3. Nc3 {[%emt 0:00:01]} Bb4 {[%emt 0:00:01]} 4. Bd2 {[%emt 0:00:01]} b6 {[%emt 0:00:04]} 5. Nf3 {[%emt 0:00:01]} Bb7 {[%emt 0:00:01]} 6. e3 {[%emt 0:00:01]} Bxc3 {[%emt 0:00:30]} 7. Bxc3 {[%emt 0:00:01]} Ne4 {[%emt 0:00:01]} 8. Rc1 {[%emt 0:00:01]} O-O {[%emt 0:00:03]} 9. Bd3 {[%emt 0:00:01]} d6 {[%emt 0:00:12]} 10. O-O {[%emt 0:00:02]} Nd7 {[%emt 0:00:08]} 11. Be1 {[%emt 0:00:01]} f5 {[%emt 0:00:04]} 12. Nd2 {[%emt 0:00:02]} Rf6 {[%emt 0:00:39]} 13. f3 {[%emt 0:00:03]} Nxd2 {[%emt 0:00:11]} 14. Qxd2 {[%emt 0:00:00]} Rh6 {[%emt 0:00:03]} 15. Bg3 {[%emt 0:00:03]} Qe7 {[%emt 0:00:26]} 16. Rce1 {[%emt 0:00:06]} Rf8 {[%emt 0:00:19]} 17. e4 {[%emt 0:00:06]} fxe4 {[%emt 0:00:13]} 18. fxe4 {[%emt 0:00:00]} Rxf1+ {[%emt 0:00:11]} 19. Rxf1 {[%emt 0:00:00]} e5 {[%emt 0:00:01]} 20. c5 {[%emt 0:00:21]} Rf6 {[%emt 0:00:48]} 21. Bc4+ {[%emt 0:00:16]} Kh8 {[%emt 0:00:06]} 22. cxd6 {[%emt 0:00:25]} Rxf1+ {[%emt 0:00:05]} 23. Bxf1 {[%emt 0:00:10]} Qxd6 {[%emt 0:00:25]} 24. d5 {[%emt 0:00:39]} c6 {[%emt 0:00:03]} 25. Qg5 {[%emt 0:00:05]} Qf6 {[%emt 0:00:35]} 26. Qg4 {[%emt 0:00:05]} Nf8 {[%emt 0:00:45]} 27. dxc6 {[%emt 0:00:32]} Bxc6 {[%emt 0:00:08]} 28. Qc8 {[%emt 0:00:03]} h6 {[%emt 0:00:17]} 29. Qc7 {[%emt 0:00:51]} Bxe4 {[%emt 0:00:02]} 30. Bxe5 {[%emt 0:00:02]} Qg6 {[%emt 0:00:01]} 31. Qd8 {[%emt 0:00:08]} Kg8 {[%emt 0:00:02]} 32. Bd6 {[%emt 0:00:04]} Qf7 {[%emt 0:00:02]} 33. Bxf8 {[%emt 0:00:03]} Qxf8 {[%emt 0:00:01]} 34. Bc4+ {[%emt 0:00:01] Brunico2016 abandonne (Lag: Av=0.67s, max=1.2s)} 1-0

[Event "TOP16-LaBourdannais"]
[Site "TOP16-LaBourdannais"]
[Date "2021.01.09"]
[Round "12"]
[White "Babota"]
[Black "Risso"]
[Result "1-0"]
[WhiteElo "1936"]
[BlackElo "1946"]
[Annotator "TA"]
[PlyCount "125"]
[EventDate "2021.01.09"]
[EventType "blitz"]

{[%evp 24,124,-4,-9,-9,-17,-15,-20,-10,-24,-17,-22,-13,-18,-10,-114,0,-10,0,0,30,14,45,43,54,78,154,156,477,195,202,200,202,196,385,21,21,21,32,14,60,46,100,101,106,101,115,105,105,112,112,111,122,114,115,111,115,100,101,102,124,114,114,103,193,197,318,301,451,353,387,299,391,312,996,865,29981,29982,29982,29983,29983,29984,29984,29985,29985,29986,29986,29987,29987,29988,29988,29987,29987,29988,29988,29989,29996,29997,29997,29998,29998,29999,29999]} 1. e4 c5 2. Nf3 d6 3. Bb5+ Bd7 4. Bxd7+ Qxd7 5. O-O Nc6 6. c3 Nf6 7. Re1 e6 8. d4 cxd4 9. cxd4 d5 10. e5 Ne4 11. a3 Be7 12. Nbd2 Nxd2 13. Bxd2 O-O {B52: Sicilian: Moscow Variation with 3...Bd7.} 14. Rc1 Rac8 15. Rc3 Rc7 {The position is equal.} 16. h4 Rfc8 17. Rd3 Bd8 {[#]} 18. Nh2 $146 ({Predecessor:} 18. h5 h6 19. Nh2 Ne7 20. Nf1 Qb5 21. Bc3 Rc6 22. Qd2 Ba5 23. Rc1 Bxc3 24. Rdxc3 {½-½ (41) Mokshanov,A (2440)-Kokarev,D (2650) Izhevsk 2014}) 18... Ne7 ({Wrong is} 18... Bxh4 $2 19. Qh5 $18) 19. Qh5 (19. Nf1 $11 {remains equal.}) 19... g6 (19... Qb5 $17 20. Rf3 g6) 20. Qd1 Nf5 21. h5 Rc4 22. Bc3 b5 23. Ng4 gxh5 24. Ne3 R4c6 (24... h4 $142) 25. Qxh5 $16 {Black must now prevent Nxf5.} Kh8 $2 (25... Ng7 $16 26. Qe2 Bg5) 26. Ng4 (26. Nxf5 $142 {White wants to mate with Qh6!} exf5 27. Rh3) 26... Qe8 $18 27. Rh3 {[%csl Gh3][%cal Rh5h7]} Qg8 28. Nh6 Nxh6 (28... Qg6) 29. Qxh6 $2 (29. Rg3 $1 $18) 29... Bg5 $11 30. Qh5 Qg6 $1 31. Qf3 (31. Qe2 {seems wilder.} Rc4 32. Rg3 Qf5 33. Qh5 Rg8 34. b3) 31... Qf5 32. Qe2 $36 {[%mdl 2048] White has good play.} Rg8 ({Better is} 32... a6 $14) 33. Rf3 $1 $16 {[%cal Rf3f5]} ({Stronger than} 33. Qxb5 Bd2 $1 $17 {[%mdl 512]}) 33... Qg6 34. Rg3 {aiming for f4.} Qf5 35. Qxb5 Rcc8 {...Bf4 would now be nice for Black.} 36. Qd3 Qxd3 37. Rxd3 Be7 38. Rh3 Rg4 39. Ree3 Rcg8 40. Reg3 (40. Rh2 {with more complications.} f6 41. exf6 Bxf6 42. Rd3 Rc8 43. Kf1) 40... Rxg3 41. Rxg3 Rxg3 42. fxg3 {[%mdl 4096] Endgame KB-KB} Kg7 43. Kf2 Kg6 (43... f6 $16 {was necessary.}) 44. Kf3 $18 h5 (44... f6 $142 45. exf6 Kxf6) 45. g4 h4 (45... hxg4+ {keeps fighting.} 46. Kxg4 Kg7) 46. Bd2 a6 47. b4 f6 48. Kf4 fxe5+ $2 (48... Bd8 49. Be1 Bb6) 49. Kxe5 Bg5 50. Bxg5 {White mates.} Kxg5 {[#] KP-KP} 51. a4 $1 Kxg4 52. b5 axb5 53. axb5 {K3P-K3P} Kg3 54. b6 Kxg2 {K3P-KPP} 55. b7 h3 56. b8=Q h2 57. Qg8+ {[%mdl 64] Double Attack} Kf1 58. Qf7+ Kg1 59. Qg6+ Kh1 60. Kf4 e5+ 61. Kg3 {[%cal Rg6b1]} e4 62. Qh5 {[%csl Gg3][%cal Rh5h2]} Kg1 63. Qd1# {Weighted Error Value: White=0.27/Black=0.44} 1-0

[Event "TOP16-LaBourdannais"]
[Site "TOP16-LaBourdannais"]
[Date "2021.01.09"]
[Round "12"]
[White "Lyon-YOUNES"]
[Black "sFeller"]
[Result "0-1"]
[WhiteElo "1885"]
[BlackElo "2135"]
[Annotator "TA"]
[PlyCount "40"]
[EventDate "2021.01.09"]
[EventType "blitz"]

{[%evp 9,40,-21,-28,-1,0,15,14,0,23,-35,-35,-23,-14,-35,43,33,36,-14,59,51,73,-18,0,-16,-16,-52,-39,-78,-75,-375,-254,-1205,-1200]} 1. Nf3 d5 2. c4 d4 3. b4 g6 4. e3 dxe3 5. fxe3 Bg7 6. d4 {A09: Réti Opening: 1 Nf3 d5 2 c4.} a5 7. b5 c5 {[#]} 8. Nc3 $146 {The position is equal.} ({Predecessor:} 8. bxc6 Nxc6 9. Nc3 Nh6 10. Rb1 O-O 11. c5 e5 12. d5 e4 13. Nxe4 Nb4 14. Nd6 {0-1 (25) Leon Hoyos,M (2565)-Piscopo,P (2406) Cento 2011}) 8... Nh6 9. Bd2 (9. Bd3 $11) 9... cxd4 $15 10. exd4 Nf5 11. d5 e6 (11... Nd7 $15) 12. Rc1 O-O 13. Be2 exd5 (13... Nd7 $11) 14. Nxd5 $14 Be6 15. Nf4 (15. Bg5 $16 f6 16. Bf4 Bxd5 17. Qxd5+ Qxd5 18. cxd5) 15... Re8 16. O-O Nd7 {[%cal Bb8d7,Bd7f6,Bf6e4][%mdl 32]} 17. Nxe6 Rxe6 18. Ng5 Rd6 {[#] Threatens to win with ...Nc5.} 19. Bg4 $2 {[%mdl 8192]} (19. Bf3 $17) 19... Nf6 20. Ne4 (20. Bxf5 Rxd2 {[%mdl 64] Double Attack} 21. Qf3 gxf5 22. Qxb7) 20... Nxe4 {Weighted Error Value: White=0.92/Black=0.29} 0-1

[Event "TOP16-LaBourdannais"]
[Site "TOP16-LaBourdannais"]
[Date "2021.01.09"]
[Round "12"]
[White "amiralfio"]
[Black "MeMouss"]
[Result "1-0"]
[WhiteElo "1833"]
[BlackElo "2043"]
[Annotator "TA"]
[PlyCount "53"]
[EventDate "2021.01.09"]
[EventType "blitz"]
[BlackTeam "Vandoeuvre"]

{[%evp 11,53,54,68,55,70,23,48,37,75,52,54,27,84,18,20,26,21,9,93,81,86,0,0,0,0,0,0,0,156,155,283,297,281,185,183,0,0,18,308,313,487,499,29980,29976]} 1. d4 Nf6 2. Bf4 d6 3. Nc3 g6 4. e4 Bg7 5. Qd2 Nbd7 6. Nf3 O-O 7. O-O-O $1 {7.0-0-0 is better than 7.Bh6. B08: Pirc Defence: Classical System.} c5 {[#] And now ...cxd4 would win.} 8. dxc5 Nxc5 9. e5 {[%cal Re5f6] White is slightly better.} Ne8 {[#]} 10. h4 $146 ({Predecessor:} 10. Bh6 Qa5 11. Bxg7 Kxg7 12. exd6 Nxd6 13. Kb1 Kg8 14. Qg5 Be6 15. a3 Nc4 16. Bxc4 Bxc4 {1-0 (22) Vishwa,V (1240)-Sosnina,N (1559) Batumi 2016}) 10... Bg4 11. Qe3 Qa5 (11... Ne6 $11) 12. Be2 (12. Bg5 $16) 12... Bxf3 13. Bxf3 ({Much worse is} 13. gxf3 dxe5 14. Bg5 Nf6 $15) 13... dxe5 $1 14. Bh6 ({Don't blunder} 14. Bxe5 $2 Bxe5 15. Nd5 Bf6 $19) 14... Nf6 (14... f6 $11 {keeps the balance.}) 15. h5 $16 {aiming for hxg6.} Rad8 ({But not} 15... Bxh6 16. Qxh6 Rad8 17. Rde1 $14) 16. Kb1 ({White should try} 16. Rxd8 $16 Rxd8 17. Bxg7 Kxg7 18. hxg6 fxg6 19. g4) 16... Rxd1+ 17. Rxd1 Bxh6 18. Qxh6 e4 19. Be2 Ne6 $2 ({Black should play} 19... Rd8 $11) 20. hxg6 {Strongly threatening Nxe4!} fxg6 (20... Rd8 $16 {might work better.}) 21. Bc4 $18 Qe5 22. Qh3 Kf7 23. g4 $2 (23. Nb5 $18 {Hoping for Nd4.} Rc8 24. Bb3) 23... Kg7 $11 24. Rh1 $36 {[%mdl 2048] White is pushing.} Rh8 $2 {[%mdl 8192]} (24... h5 $1 $11 {and Black has nothing to worry.} 25. gxh5 Ng5) 25. g5 $1 $18 {[%cal Rg5f6][%mdl 64] [#] Deflection} Qxg5 (25... Ng4 $142 26. Qxg4 {[%mdl 64] Double Attack} Nxg5) 26. Qxe6 {[%cal Re6e7][%mdl 64] Double Attack} Re8 (26... h5 $18 27. Qxe7+ Kh6 28. Qxb7 a5) 27. Nxe4 {Weighted Error Value: White=0.39/Black=0.80} 1-0